000 01937 a2200229 4500
003 Nust
005 20170207153047.0
010 _a 89061420
020 _a8185749752
040 _cNust
082 0 0 _a621.3815
100 1 _aGupta .J.B.
245 1 0 _aElectronic devices and circuits
_cJ. B Gupta
250 _a
260 _aNew Delhi :
_b S.K. Kataria & Sons Pub. Co.,
_cc1990.
300 _axi, 1209p. :
_bill. ;
_c25 cm.
505 _aIntroductory Concepts (Page-1) Electron Emission (Page-41) Electron Tubes (Page-53) Semiconductor Physics (Page-88) Semiconductor Diodes (Page-135) Zeners and Other TWO-Terminal Devices (Page-163) DC Power Supplies (Page-188) Bipolar Junction Transistors (Page-221) Field Effect Transistors (Page-267) Hybrid Parameters (Page-324) Transistor Biasing and Thermal Stabilization (page-342) Signal Stage Transistor Amplifiers (Page-369) Multistage Amplifiers (Page-420) Large Signal or Power Amplifiers (Page-457) Feedback in Amplifiers (Page-494) Thyristors and Unijuntion Transistors (Page-536) Modulation and Demodulation (Page-595) Optoelectronic Devices (Page-629) Sinusoidal Oscillators (Page-651) Wave shaping Circuits (Page-691) Swathing Circuits (Multivibrators) (Page- 727) Time Base Generators (Page-755) Integrated Circuits (Page-763) Operational Amplifier (Page-777) NON-Sinusoidal Waveform Generations (Page-845) Phase-Locked Loop (page-873) Active Filters (Page-882) Regulated Power Supplies (Page-907) Number System and Codes (page-943) Logic Gates, Boolean Algebra and Logic Families (Page-970) Introduction to Microprocessor and Microcomputer (Page-1041) Digital Measurements and Instruments (Page-1052) Electronic Instruments (Page-1075) Cathode Ray Oscilloscope (page-1098) Objective Questions With Answer(Page-1120)
538 _aAlmirah No.34 Shelf No.3
600 _aGupta .J.B
650 0 _aElectronic apparatus and appliances.
650 0 _aTelecommunication engineering
942 _2ddc
_cBK
999 _c178599
_d178599